| 000 | 00598nam a2200205Ia 4500 | ||
|---|---|---|---|
| 008 | 150520s9999 xx 000 0 und d | ||
| 050 | _aTK 6540 | ||
| 050 | _b.M538 2015 | ||
| 100 | _aMendillo, John Melrique C. | ||
| 245 | _aEnrollment and assessment system for E.M. tutorial center / | ||
| 245 | _cJohn Melrique C. Mendillo. | ||
| 260 | _aLas PiƱas, Philippines : | ||
| 260 | _bSISC, | ||
| 260 | _c2015. | ||
| 300 | _a196 pages : | ||
| 300 | _bcolor illustrations ; | ||
| 300 | _c28 cm. | ||
| 500 | _aIncludes bibliographical references and appendices. | ||
| 650 | _aComputer System | ||
| 999 |
_c284058 _d284058 |
||